<?xml version="1.0" encoding="UTF-8"?>
<collection xmlns="http://www.loc.gov/MARC21/slim">
 <record>
  <leader>00991cam a22002898a 4500</leader>
  <controlfield tag="001">EUN.eunm002968</controlfield>
  <controlfield tag="005">20110908120510.0</controlfield>
  <controlfield tag="008">061121s2007####enka#####b####001#0#eng##</controlfield>
  <datafield tag="010" ind1=" " ind2=" ">
   <subfield code="a">  2006039034</subfield>
  </datafield>
  <datafield tag="020" ind1=" " ind2=" ">
   <subfield code="a">9780415390842 (rústica)</subfield>
  </datafield>
  <datafield tag="020" ind1=" " ind2=" ">
   <subfield code="a">9780415390835 (tapa dura)</subfield>
  </datafield>
  <datafield tag="040" ind1=" " ind2=" ">
   <subfield code="a">DLC</subfield>
   <subfield code="c">DLC</subfield>
   <subfield code="d">DLC</subfield>
  </datafield>
  <datafield tag="050" ind1="0" ind2="0">
   <subfield code="a">GB401.5</subfield>
   <subfield code="b">.H845 2005</subfield>
  </datafield>
  <datafield tag="082" ind1="0" ind2="4">
   <subfield code="a">551.4</subfield>
   <subfield code="2">19</subfield>
  </datafield>
  <datafield tag="082" ind1="0" ind2="0">
   <subfield code="a">551.41</subfield>
   <subfield code="2">22</subfield>
  </datafield>
  <datafield tag="100" ind1="1" ind2=" ">
   <subfield code="a">Huggett, Richard J.</subfield>
  </datafield>
  <datafield tag="245" ind1="1" ind2="0">
   <subfield code="a">Fundamentals of geomorphology /</subfield>
   <subfield code="c">Richard John Huggett.</subfield>
  </datafield>
  <datafield tag="250" ind1=" " ind2=" ">
   <subfield code="a">2nd ed.</subfield>
  </datafield>
  <datafield tag="260" ind1=" " ind2=" ">
   <subfield code="a">London :</subfield>
   <subfield code="b">Routledge,</subfield>
   <subfield code="c">2007.</subfield>
  </datafield>
  <datafield tag="300" ind1=" " ind2=" ">
   <subfield code="a">xv, 458 p., [8] p. de láms. :</subfield>
   <subfield code="b">il. ;</subfield>
   <subfield code="c">25 cm.</subfield>
  </datafield>
  <datafield tag="490" ind1="1" ind2=" ">
   <subfield code="a">Routledge fundamentals of physical geography series</subfield>
  </datafield>
  <datafield tag="504" ind1=" " ind2=" ">
   <subfield code="a">Incluye referencias bibliográficas e índice.</subfield>
  </datafield>
  <datafield tag="650" ind1=" " ind2="7">
   <subfield code="a">Geografía física.</subfield>
   <subfield code="2">unbist</subfield>
  </datafield>
  <datafield tag="650" ind1=" " ind2="7">
   <subfield code="a">Geomorfología.</subfield>
   <subfield code="2">unbist</subfield>
  </datafield>
  <datafield tag="830" ind1=" " ind2="0">
   <subfield code="a">Routledge fundamentals of physical geography series</subfield>
  </datafield>
  <datafield tag="856" ind1="4" ind2="1">
   <subfield code="3">Tabla de contenido</subfield>
   <subfield code="u">http://www.loc.gov/catdir/toc/ecip075/2006039034.html</subfield>
  </datafield>
 </record>
</collection>
